Akciová společnost, společnost s r.o. a jiné obchodní společnosti
Salvato in:
| Autore principale: | |
|---|---|
| Altri autori: | |
| Natura: | Libro |
| Lingua: | ceco |
| Pubblicazione: |
Praha
Management Press
1992
|
| Edizione: | 1. vyd. |
| Tags: |
Nessun Tag, puoi essere il primo ad aggiungerne!!
|
MARC
| LEADER | 00000nam a2200000 4500 | ||
|---|---|---|---|
| 001 | c001139 | ||
| 005 | 20221214085229.8 | ||
| 020 | |a 80-85603-04-7 | ||
| 041 | 0 | |a cze | |
| 044 | |a CZ | ||
| 245 | 1 | 0 | |a Akciová společnost, společnost s r.o. a jiné obchodní společnosti |c Vladimír Žáček, Jaroslav Kratochvíl |
| 250 | |a 1. vyd. | ||
| 264 | 1 | |a Praha |b Management Press |c 1992 | |
| 300 | |a 107 s. | ||
| 100 | 1 | |a Žáček, Vladimír | |
| 700 | 1 | |a Kratochvíl, Jaroslav | |